000 00473nam a22001697a 4500
003 CEME
005 20210628201908.0
008 210113b xxu||||| |||| 00| 0 eng d
040 _c.
082 _a004.22 PAT
100 _aPatterson, David A, Hennessy, John L
_957311
245 _aComputer architecture, a quantitative approach
260 _aINDIA
_bMK
_c2014
300 _aXXVII,
650 _aCOMPUTER ARCHITECTURE-A QUANTITATIVE APPROACH.
_957312
942 _cBK
_2ddc
999 _c567609
_d567609